00782cam a22002411 4500001001300000003000400013005001700017008004100034010001700075035002000092040002300112042001200135050003000147110001100177240001500188245015600203250002500359260004000384300003800424650004400462700001700506999001700523sa 65006576 DLC20260227112143.0900411s1964 ii 000 0 eng  asa 65006576  a(OCoLC)21356709 aDLCcViUdViUdDLC apremarc00aKNS2832.A311961bM35 19641 aIndia.00aLaws, etc.14aThe Income tax act, 1961 :bas amended upto date, to-gether with comparative tables of new and old acts; Finance acts, 1963 and 1964 /cby K. K. Malik. a1964-1965 budget ed. aLucknow :bEastern Book Co.,c1964. axxix, 228, [44], 216 p. ;c25 cm. 0aIncome taxxLaw and legislationzIndia.1 aMalik, K. K. c64725d64725